000
00315nam a22001337a 4500
003
SGT
082
_a
658.8
_b
HON
100
_a
HONDADAKATTI, REKHA
245
_a
PHARMA MARKETING MANAGEMENT
260
_a
INDIA
_b
S. VIKASH PUB.
_c
2021
300
_a
140
650
_a
PHARMA MARKETING MANAGEMENT
942
_2
ddc
_c
BK
999
_c
32494
_d
32494